The basic essentials in the study of Humanities (Record no. 35454)
[ view plain ]
| 000 -LEADER | |
|---|---|
| fixed length control field | 00468nam a22001577a 4500 |
| 003 - CONTROL NUMBER IDENTIFIER | |
| control field | OSt |
| 005 - DATE AND TIME OF LATEST TRANSACTION | |
| control field | 20140311130134.0 |
| 008 - FIXED-LENGTH DATA ELEMENTS--GENERAL INFORMATION | |
| fixed length control field | 130529t xxu||||| |||| 00| 0 eng d |
| 050 ## - LIBRARY OF CONGRESS CALL NUMBER | |
| Classification number | NX 440 |
| Item number | .Es74 1992 |
| 082 ## - DEWEY DECIMAL CLASSIFICATION NUMBER | |
| Classification number | FIL 700.1 |
| Item number | Es1 1992 |
| 245 ## - TITLE STATEMENT | |
| Title | The basic essentials in the study of Humanities |
| Statement of responsibility, etc | Escalona, Ma. Bernadette E. |
| 260 ## - PUBLICATION, DISTRIBUTION, ETC. (IMPRINT) | |
| Place of publication, distribution, etc | Philippines |
| Name of publisher, distributor, etc | Ma. Bernadette E. Escalona Press |
| Date of publication, distribution, etc | c1992 |
| 300 ## - PHYSICAL DESCRIPTION | |
| Extent | 143 p. |
| Dimensions | 22 cm. |
| 942 ## - ADDED ENTRY ELEMENTS (KOHA) | |
| Source of classification or shelving scheme | Library of Congress Classification |
| Koha item type | Books |
| Call number prefix | Filipininana |
No items available.